=LDR 00000nam 2200000 4500 =001 INLIS000000000045554 =005 20150204143641.0 =006 =007 =008 =020 ##$$a 602-8507-30-x =035 ##$$0010-021500000000114 =040 ##$$a NBPDMAT =082 ##$$a R.535.03 =090 ##$$a R.535.03 $b Nan k =100 ##$$a Nana Supriatna =245 ##$$a Kamus fisika / $c Nana Supriatna =250 ##$$a Cet. 2 =260 ##$$a Jakarta : $b Multazam Mulia Utama, $c 2011 =300 ##$$a iv, 117 hlm. : $b ilus. ; $c 24 cm. =650 ##$$a Fisika-Kamus =990 ##$$a 0001/BPAP-NTB/20142015 =990 ##$$a 0001/BPAP-NTB/2015